Nominations oscar best picture 2020-2024 - Statistics

General Stats
  • This quiz has been taken 8 times
  • The average score is 30 of 48
Answer Stats
Year Actor / Director Answer % Correct
2024 Mikey Madison Anora
88%
2022 James Cameron Avatar: The Way of Water
88%
2022 Michelle Yeoh Everything Everywhere All at Once
88%
2023 Martin Scorsese Killers of the Flower Moon
88%
2023 Bradley Cooper Maestro
88%
2022 Steven Spielberg The Fabelmans
88%
2023 Paul Giamatti The Holdovers
88%
2022 Tom Cruise Top Gun: Maverick
88%
2023 Jeffrey Wright American Fiction
75%
2023 Sandra Hüller Anatomy of a Fall
75%
2023 Margot Robbie Barbie
75%
2021 Troy Kotsur CODA
75%
2024 Ralph Fienness Conclave
75%
2021 Denis Villeneuve Dune: part one
75%
2024 Zendaya Dune: Part Two
75%
2020 Frances McDormand Nomadland
75%
2023 Christopher Nolan Oppenheimer
75%
2023 Emma Stone Poor Things
75%
2024 Cynthia Erivo Wicked
75%
2024 Timothée Chalamet A Complete Unknown
63%
2021 Kenneth Branagh Belfast
63%
2021 Leonardo DiCaprio Don't Look Up
63%
2022 Baz Luhrmann Elvis
63%
2022 Cate Blanchett Tár
63%
2022 Colin Farrell The Banshees of Inisherin
63%
2024 Adrien Brody The Brutalist
63%
2020 Anthony Hopkins The Father
63%
2024 Demi Moore The Substance
63%
2020 Sacha Baron Cohen The Trial of the Chicago 7
63%
2024 Zoe Saldaña Emilia Pérez
50%
2024 Fernanda Torres I'm Still Here
50%
2021 Will Smith King Richard
50%
2021 Paul Thomas Anderson Licorice Pizza
50%
2020 Steven Yeun Minari
50%
2021 Guillermo del Toro Nightmare Alley
50%
2020 Carey Mulligan Promising Young Woman
50%
2020 Riz Ahmed Sound of Metal
50%
2021 Jane Campion The Power of the Dog
50%
2023 Jonathan Glazer The Zone of Interest
50%
2021 Ariana DeBose West Side Story
50%
2022 Edward Berger All Quiet on the Western Front
38%
2021 Hidetoshi Nishijima Drive My Car
38%
2020 Daniel Kaluuya Judas and the Black Messiah
38%
2020 Gary Oldman Mank
38%
2024 Ethan Herisse Nickel Boys
38%
2023 Celine Song Past Lives
38%
2022 Ruben Östlund Triangle of Sadness
38%
2022 Rooney Mara Women Talking
38%
No matching quizzes found
Score Distribution
Percent of People with Each Score
Percentile by Number Answered
Your Score History
You have not taken this quiz